000
00254nam a2200097Ia 4500
001
679788
005
20250826161329.0
008
250824s9999 xx 000 0 und d
245
0
_a
ABİSLER N ÇAĞRISI
_c
DANIELLA MARTINIGOL
260
_b
GÜNIŞIĞI YAYINLARI
999
_c
679788
_d
679788